00882nam a2200289Ia 4500001000700000003000500007008004100012010001100053040000900064082001400073100008500087245002700172260004800199300001100247440000500258500000500263503000500268650010800273650005200381901001400433902000600447910000900453942000600462942000700468999001900475952009800494Z_4171CHAP220113s1992 xx 000 0 und d a167234 cCHAP a636.08 R4 aReunión Nacional de Investigación Pecuaria (1992 : Chihuahua, Chih.)9141381 aMemorias /cpor SAGAR aChihuahua, Chih. :bLa Secretaría,c1992 a402 p. a a a aGanaderíaxCongresos I. México. Secretaría de Agricultura, Ganadería y Desarrollo Rural9140175 aGanaderíaxInvestigaciónxMéxico 9137364 a636.08 R4 aA a1992 c1 cc1 c167234d167234 00102ddc40708GRALaZbZc3d2005-11-09pz_4320r2022-01-18 00:00:00t1w2022-01-18yLIBRO